Quiz Cultura Generale - Quiz n°68 - Statistics

Statistiche generali
  • Questo quiz è stato fatto 214 volte
  • Il punteggio medio è 8 su 15
Statistiche sulle risposte
Domanda Risposta % Corretto
Come si chiama il terzo dito della mano? Medio
98%
Quale elemento chimico ha come simbolo He? Elio
96%
Quanti sono i divisori naturali di 24? 8
84%
Come si traduce il termine inglese "skirt"? Gonna
82%
Qual è l'unità di misura della potenza elettrica? Watt
65%
Chi è stata Regina del Regno Unito prima di Re Carlo III? Elisabetta II
64%
Com'è detta una persona con disturbi d'ansia, con la convinzione che qualsiasi sintomo avvertito sia il segno di una patologia severa? Ipocondriaco
50%
Chi ha composto l'opera lirica "Le nozze di Figaro" nel 1785? Wolfgang Amadeus Mozart
45%
Quale medico britannico ha scoperto la Penicillina nel 1928? Alexander Fleming
35%
Quanti numeri ci sono in uno schema di sudoku classico completato? 81
34%
Chi ha scritto la poesia "Pianto antico"? Giosuè Carducci
30%
Chi conduce la trasmissione "L'Eredità" su Rai 1? Flavio Insinna
25%
In chimica, com'è detto il rapporto tra il numero di moli di soluto ed un litro di soluzione? Molarità
24%
Nel golf, com'è detto intende il numero pre-determinato di colpi che un giocatore dovrebbe impiegare per completare una buca? Par
19%
Quale poeta siciliano è considerato l'ideatore del sonetto? Giacomo da Lentini
18%
Nessun quiz corrispondente trovato
Distribuzione punteggi
Percentuale di utenti per punteggio
Percentile per numero di risposta
I tuoi punteggi nel tempo
Non hai fatto questo quiz